1034 1812 1269 1154 1151 1727 1479 1580 1578 1427 1757 1112 1950 1888 1987 1673 1450 1731 1635 1699 1037 1715 1797 1000 1694 1816 1406 1422 1929 1913 1792 1936 1069 1962 1551 1490 1086 1105 1500 1257 1533 1645 2000 1295 1377 1844 1793 1410 1445 1566 1032 1585 1261 1001 1796 1956 1331 1267 1668 1259 1770 1213 1882 1425 1996 1323 1046 1145 1598 1068 1405 1722 1625 1066 1553 1338 1428 1886 1175 1638 1300 1197 1870 1655 1490 1861 1749 1631 1573 1666 1023 1448 1556 1762 1644 1901 1361 1291 1442 BCNSPRNW ULIB Ver.6.0+V

เปลี่ยนเป็นภาษาไทย

Change to English
 แสดงรายละเอียดบรรณานุกรม
  กลับหน้าหลัก

Brief Record : Get Marc (ISO 2709) : E-mail record : QR code < ปิดหน้าต่าง
LEADER : 00000nam 2200000uu 4500
001    13399109315
003     ULIB
008    110329s2543||||th 000 0 tha d
020    9746572636
060 04 WA590^bก218ก 2543
245 00 กระบวนทัศน์ในการศึกษาและการพัฒนาสุขภาพในสังคมไทย /^cศศิธรไชยประสิทธิ์, บรรณาธิการ
260    เชียงใหม่ :^bภาควิชาทันตกรรมชุมชน คณะทันตแพทยศาสตร์มหาวิทยาลัยเชียงใหม่,^c2543
300    112 หน้า ;^c21 ซม.
650  7 สุขภาพ
650  7 การศึกษา
650  7 การพัฒนาสังคม
700 0  ศศิธร ไชยประสิทธิ์,^eบรรณาธิการ
710 2  มหาวิทยาลัยเชียงใหม่. ^bคณะทันตแพทยศาสตร์.^bภาควิชาทันตกรรมชุมชน
945    ^p0^l0^i012945
995    ทศพร
999 ^a ใช้งานได้ทุกระบบ
รายการนี้ยังไม่มีแท็ก
คุณยังไม่ได้ล็อกอิน คุณสามารถมีกิจกรรมร่วมกับเว็บไซต์ได้ แต่ต้องล็อกอินก่อน ::
  ล็อกอิน

รายการสื่อสารสนเทศ

ลำดับที่ ประเภท เลขเรียก/บาร์โค้ด สถานที่ สถานะ
- ไม่พบข้อมูล -

รายการใกล้เคียง
    หัวเรื่อง [สุขภาพ]
    หัวเรื่อง [การศึกษา]
    หัวเรื่อง [การพัฒนาสังคม]

BibComment


ยังไม่เคยถูกคอมเมนท์

คอมเมนท์ทรัพยากรรายการนี้
  คอมเมนท์: กระบวนทัศน์ในการศ..


 Copyright 2026. Bcnsprnw @Library